[Event "DVM U12 2020"]
[Site "Magdeburg GER"]
[Date "2021.08.07"]
[Round "6"]
[White "Schambier, Leon Elias"]
[Black "Dorendorf, Mika"]
[Result "0-1"]
[Termination "normal"]
[Board "2.3"]
[WhiteElo "1178"]
[BlackElo "1492"]
[WhiteClock "00:10:31"]
[BlackClock "01:12:04"]
[WhiteTeam "SG Einheit Staßfurt"]
[BlackTeam "Hamburger SK von 1830 eV"]
[PlyCount "54"]
[WhiteFideId "34608184"]
[BlackFideId "16283066"]
[EventCountry "GER"]
[EventRounds "7"]
[EventType "team-swiss"]
[EventDate "2021.08.04"]

1. d4 {[%clk 01:30:53]} d5 {[%clk 01:30:56]} 2. c3 {[%clk 01:30:59]} Nf6 {[%clk
01:31:19]} {[%emt 00:00:40]} 3. e3 {[%clk 01:31:07]} Bf5 {[%clk 01:30:37]}
{[%emt 00:03:34]} 4. f4 {[%emt 00:00:57]} c5 {[%clk 01:30:01]} {[%emt
00:00:05]} 5. Nf3 {[%clk 01:26:08]} {[%emt 00:05:21]} Nc6 {[%clk 01:27:20]}
{[%emt 00:01:14]} 6. Bd3 {[%clk 01:21:03]} {[%emt 00:05:45]} g6 {[%clk
01:26:43]} {[%emt 00:01:03]} 7. Qc2 {[%clk 01:13:26]} {[%emt 00:08:17]} cxd4
{[%clk 01:25:59]} {[%emt 00:00:58]} 8. Bxf5 {[%clk 01:11:46]} {[%emt 00:02:16]}
gxf5 {[%emt 00:01:39]} 9. cxd4 {[%clk 01:10:55]} Rc8 {[%clk 01:25:49]} {[%emt
00:00:46]} 10. Nc3 {[%clk 01:01:33]} {[%emt 00:11:26]} Nb4 {[%clk 01:25:02]}
11. Qxf5 {[%clk 00:45:29]} {[%emt 00:16:18]} Ne4 {[%clk 01:23:35]} {[%emt
00:02:05]} 12. Ne5 {[%clk 00:34:09]} {[%emt 00:11:53]} Nf6 {[%clk 01:18:30]}
{[%emt 00:07:45]} 13. a3 {[%clk 00:32:17]} e6 {[%clk 01:18:08]} {[%emt
00:00:52]} 14. Qb1 {[%clk 00:31:36]} {[%emt 00:01:11]} Nc6 {[%clk 01:14:27]}
{[%emt 00:06:35]} 15. Bd2 {[%clk 00:24:35]} {[%emt 00:12:10]} Rg8 {[%clk
01:13:23]} 16. g3 {[%clk 00:20:57]} h5 {[%clk 01:13:07]} 17. Qc2 {[%clk
00:19:03]} {[%emt 00:01:53]} h4 {[%clk 01:12:36]} {[%emt 00:01:10]} 18. Rg1
{[%clk 00:17:32]} {[%emt 00:05:08]} Nxe5 {[%clk 01:12:46]} 19. fxe5 {[%clk
00:17:18]} hxg3 {[%clk 01:12:41]} 20. exf6 {[%clk 00:15:33]} {[%emt 00:00:34]}
gxh2 {[%clk 01:12:11]} {[%emt 00:02:25]} 21. Rxg8 {[%clk 00:14:39]} h1=Q+
{[%clk 01:12:18]} {[%emt 00:01:50]} 22. Ke2 {[%clk 00:14:57]} Qxa1 {[%clk
01:11:32]} 23. Rxf8+ {[%clk 00:13:12]} {[%emt 00:02:23]} Kxf8 {[%clk 01:11:51]}
{[%emt 00:00:07]} 24. Qh7 {[%clk 00:13:33]} {[%emt 00:00:20]} Qxf6 {[%clk
01:12:18]} {[%emt 00:00:10]} 25. Qh3 {[%clk 00:12:47]} {[%emt 00:00:52]} Ke7
{[%clk 01:11:45]} {[%emt 00:01:08]} 26. Nxd5+ {[%clk 00:10:20]} {[%emt
00:02:57]} exd5 {[%clk 01:12:04]} {[%emt 00:00:37]} 27. Qxc8 {[%clk 00:10:31]}
{[%emt 00:00:11]} Qff1# 0-1

[Event "DVM U12 2020"]
[Site "Magdeburg GER"]
[Date "2021.08.07"]
[Round "6"]
[White "Borgert, Alexander"]
[Black "Beck, Jason"]
[Result "1-0"]
[Termination "normal"]
[Board "2.4"]
[WhiteElo "1527"]
[BlackElo "1132"]
[WhiteClock "00:26:19"]
[BlackClock "00:25:38"]
[WhiteTeam "Hamburger SK von 1830 eV"]
[BlackTeam "SG Einheit Staßfurt"]
[PlyCount "91"]
[WhiteFideId "16289188"]
[BlackFideId "34608389"]
[EventCountry "GER"]
[EventRounds "7"]
[EventType "team-swiss"]
[EventDate "2021.08.04"]

1. d4 {[%clk 01:30:59]} {[%emt 00:00:47]} d5 {[%clk 01:30:51]} 2. c4 {[%clk
01:31:23]} c6 {[%clk 01:31:15]} 3. Nf3 {[%clk 01:31:48]} Nf6 {[%clk 01:31:32]}
4. Nc3 {[%clk 01:32:12]} Bf5 {[%clk 01:31:06]} {[%emt 00:00:16]} 5. Bf4 {[%clk
01:31:22]} {[%emt 00:01:17]} e6 {[%clk 01:31:04]} {[%emt 00:01:16]} 6. e3
{[%clk 01:31:21]} Bb4 {[%clk 01:31:02]} {[%emt 00:00:17]} 7. cxd5 {[%clk
01:31:16]} {[%emt 00:00:35]} cxd5 {[%clk 01:29:26]} {[%emt 00:02:15]} 8. Ne5
{[%clk 01:30:50]} {[%emt 00:00:49]} O-O {[%clk 01:29:05]} {[%emt 00:09:30]} 9.
Bd3 {[%clk 01:30:28]} Ne4 {[%clk 01:26:57]} 10. Bxe4 {[%clk 01:30:33]} Bxe4
{[%clk 01:25:13]} {[%emt 00:00:04]} 11. f3 {[%clk 01:24:28]} {[%emt 00:03:58]}
Bg6 {[%clk 01:22:00]} {[%emt 00:03:55]} 12. h4 {[%clk 01:18:28]} {[%emt
00:06:20]} h5 {[%clk 01:16:52]} {[%emt 00:07:48]} 13. g4 {[%clk 01:16:45]} hxg4
{[%clk 01:16:56]} {[%emt 00:00:25]} 14. h5 {[%clk 01:16:19]} {[%emt 00:01:20]}
Bh7 {[%clk 01:14:42]} {[%emt 00:02:21]} 15. fxg4 {[%clk 01:15:56]} {[%emt
00:01:00]} Be4 {[%clk 01:14:31]} {[%emt 00:00:34]} 16. Rh2 {[%clk 01:16:20]}
{[%emt 00:00:14]} f6 {[%clk 00:59:52]} {[%emt 00:15:00]} 17. Ng6 {[%clk
00:57:56]} {[%emt 00:21:39]} Bxg6 {[%clk 00:50:13]} {[%emt 00:07:28]} 18. hxg6
{[%clk 00:58:01]} {[%emt 00:02:56]} Qe8 {[%clk 00:48:08]} 19. Qd3 {[%clk
00:55:06]} {[%emt 00:03:24]} f5 {[%clk 00:48:02]} {[%emt 00:00:37]} 20. gxf5
{[%clk 00:55:23]} {[%emt 00:02:46]} exf5 {[%clk 00:48:25]} 21. Rg2 {[%clk
00:53:40]} Rf6 {[%clk 00:48:38]} {[%emt 00:00:16]} 22. Rg5 {[%clk 00:52:45]}
{[%emt 00:03:14]} Nc6 {[%clk 00:46:33]} {[%emt 00:00:35]} 23. Kf2 {[%clk
00:41:33]} {[%emt 00:14:17]} Bxc3 {[%clk 00:44:21]} {[%emt 00:00:07]} 24. bxc3
{[%emt 00:03:39]} Ne7 {[%clk 00:43:32]} 25. Rh1 {[%clk 00:24:10]} {[%emt
00:16:25]} Rxg6 {[%clk 00:39:27]} {[%emt 00:04:09]} 26. Rgh5 {[%clk 00:24:17]}
{[%emt 00:00:26]} Kf7 {[%clk 00:35:32]} {[%emt 00:09:11]} 27. Rh8 {[%clk
00:23:44]} Ng8 {[%clk 00:35:50]} 28. Qxf5+ {[%clk 00:24:00]} Rf6 {[%clk
00:35:53]} 29. Qxd5+ {[%clk 00:24:20]} Qe6 {[%clk 00:30:37]} {[%emt 00:04:40]}
30. Qxb7+ {[%clk 00:24:25]} Ne7 {[%clk 00:29:54]} 31. Qxa8 {[%clk 00:24:00]}
{[%emt 00:00:54]} Qxa2+ {[%clk 00:30:00]} {[%emt 00:00:28]} 32. Kf3 {[%clk
00:23:37]} {[%emt 00:00:51]} Qd5+ {[%clk 00:26:59]} {[%emt 00:04:12]} 33. Qxd5+
{[%clk 00:24:00]} Nxd5 {[%clk 00:27:21]} 34. c4 {[%clk 00:24:25]} Nb4 {[%clk
00:26:53]} {[%emt 00:00:26]} 35. Ra1 {[%clk 00:24:20]} {[%emt 00:02:00]} a6
{[%clk 00:27:15]} 36. Ra4 {[%clk 00:24:37]} Nc2 {[%clk 00:27:07]} 37. Ra8
{[%clk 00:24:33]} {[%emt 00:00:22]} Ne1+ {[%clk 00:24:08]} {[%emt 00:05:10]}
38. Ke2 {[%clk 00:24:52]} Ng2 {[%clk 00:24:29]} 39. Ra7+ {[%clk 00:24:12]} Kg8
{[%clk 00:24:41]} {[%emt 00:00:05]} 40. Be5 {[%clk 00:24:14]} {[%emt 00:00:27]}
Rf7 {[%clk 00:24:20]} {[%emt 00:04:05]} 41. Rxf7 {[%clk 00:24:38]} Kxf7 {[%clk
00:24:47]} 42. Rxa6 {[%clk 00:24:58]} {[%emt 00:00:04]} Kg8 {[%clk 00:25:10]}
43. Rg6 {[%clk 00:25:19]} Kf7 {[%clk 00:24:58]} 44. Rxg7+ {[%clk 00:25:40]} Ke6
{[%clk 00:25:15]} 45. Rxg2 {[%clk 00:25:57]} Kd7 {[%clk 00:25:38]} 46. c5
{[%clk 00:26:19]} 1-0

[Event "DVM U12 2020"]
[Site "Magdeburg GER"]
[Date "2021.08.07"]
[Round "6"]
[White "Trunz, Michelle"]
[Black "Wunderlich, Elias"]
[Result "1/2-1/2"]
[Termination "normal"]
[Board "3.1"]
[WhiteElo "1714"]
[BlackElo "1602"]
[WhiteClock "00:40:06"]
[BlackClock "00:46:36"]
[WhiteTeam "Godesberger Schachklub 1929 e. V."]
[BlackTeam "SC Garching 1980 e.V."]
[PlyCount "67"]
[WhiteFideId "16227980"]
[BlackFideId "34608087"]
[EventCountry "GER"]
[EventRounds "7"]
[EventType "team-swiss"]
[EventDate "2021.08.04"]

1. d4 {[%clk 01:30:58]} d5 {[%clk 01:30:55]} 2. c4 {[%clk 01:31:22]} {[%emt
00:00:05]} c6 {[%clk 01:31:20]} 3. cxd5 {[%clk 01:31:46]} cxd5 {[%clk
01:31:44]} 4. Nc3 {[%clk 01:32:08]} Nf6 {[%clk 01:31:46]} 5. Nf3 {[%clk
01:32:25]} e6 {[%clk 01:31:50]} 6. Bf4 {[%clk 01:32:40]} a6 {[%clk 01:32:04]}
{[%emt 00:39:46]} 7. e3 {[%clk 01:32:35]} Nc6 {[%clk 01:32:22]} 8. Bd3 {[%clk
01:31:16]} h6 {[%clk 01:31:46]} 9. O-O {[%clk 01:31:16]} Be7 {[%clk 01:32:05]}
10. a3 {[%clk 01:30:29]} O-O {[%clk 01:32:18]} 11. b4 {[%clk 01:29:29]} Nd7
{[%clk 01:30:44]} 12. Na4 {[%clk 01:29:21]} f5 {[%clk 01:30:12]} 13. Nc5 {[%clk
01:27:30]} Nxc5 {[%clk 01:29:31]} 14. bxc5 {[%clk 01:27:39]} Bd7 {[%clk
01:27:30]} 15. Rb1 {[%clk 01:27:41]} g5 {[%clk 01:25:32]} 16. Be5 {[%clk
01:27:05]} g4 {[%clk 01:25:37]} 17. Nd2 {[%clk 01:26:33]} {[%emt 00:00:09]}
Nxe5 {[%clk 01:25:37]} 18. dxe5 {[%clk 01:26:54]} Bxc5 {[%clk 01:25:46]} {[%emt
00:00:05]} 19. Rxb7 {[%clk 01:25:54]} Bc6 {[%clk 01:25:49]} 20. Rb1 {[%clk
01:25:20]} Bxa3 {[%clk 01:22:03]} 21. Qc2 {[%clk 01:22:42]} Qd7 {[%clk
01:21:38]} 22. Ra1 {[%clk 01:21:57]} Be7 {[%clk 01:20:07]} 23. Rxa6 {[%clk
01:20:31]} Rxa6 {[%clk 01:18:14]} 24. Bxa6 {[%clk 01:20:53]} Ra8 {[%clk
01:17:53]} 25. Bd3 {[%clk 01:19:48]} {[%emt 00:00:04]} Rc8 {[%clk 01:16:54]}
26. Rc1 {[%clk 01:17:35]} Bb7 {[%clk 01:14:05]} {[%emt 00:00:09]} 27. Qb2
{[%clk 01:17:29]} Rxc1+ {[%clk 01:08:47]} 28. Qxc1 {[%clk 01:17:49]} Bd8 {[%clk
01:03:56]} {[%emt 00:06:28]} 29. Qb2 {[%clk 01:13:47]} Qc7 {[%clk 00:58:27]}
{[%emt 00:25:20]} 30. f4 {[%clk 01:10:54]} Qc5 {[%clk 00:53:50]} 31. Nf1 {[%clk
01:05:20]} Bb6 {[%clk 00:53:01]} 32. Qb3 {[%clk 01:02:48]} Kf7 {[%clk
00:52:15]} {[%emt 00:00:51]} 33. Kf2 {[%clk 00:42:20]} {[%emt 00:27:25]} Ke7
{[%clk 00:46:36]} 34. Qb5 {[%clk 00:40:06]} {[%emt 00:07:10]} 1/2-1/2

[Event "DVM U12 2020"]
[Site "Magdeburg GER"]
[Date "2021.08.07"]
[Round "6"]
[White "Sajka, Noah"]
[Black "Blomer, Moritz"]
[Result "0-1"]
[Termination "normal"]
[Board "3.2"]
[WhiteElo "1393"]
[BlackElo "1416"]
[WhiteClock "00:22:13"]
[BlackClock "00:51:36"]
[WhiteTeam "SC Garching 1980 e.V."]
[BlackTeam "Godesberger Schachklub 1929 e. V."]
[PlyCount "100"]
[WhiteFideId "34608192"]
[BlackFideId "34608370"]
[EventCountry "GER"]
[EventRounds "7"]
[EventType "team-swiss"]
[EventDate "2021.08.04"]

1. e4 {[%clk 01:30:59]} {[%emt 00:00:09]} e6 {[%clk 01:30:55]} 2. d4 {[%clk
01:31:23]} d5 {[%clk 01:31:20]} 3. Nc3 {[%clk 01:31:38]} Nf6 {[%clk 01:31:43]}
4. e5 {[%clk 01:31:34]} {[%emt 00:00:21]} Nfd7 {[%clk 01:32:09]} {[%emt
00:00:05]} 5. f4 {[%clk 01:31:38]} {[%emt 00:00:25]} c5 {[%clk 01:32:20]}
{[%emt 00:00:30]} 6. Nf3 {[%clk 01:31:46]} {[%emt 00:19:39]} Nc6 {[%clk
01:32:37]} 7. Be3 {[%clk 01:31:35]} Be7 {[%clk 01:32:46]} 8. Qd2 {[%clk
01:31:36]} a6 {[%clk 01:33:02]} 9. h3 {[%clk 01:26:34]} {[%emt 00:00:04]} b5
{[%clk 01:30:45]} 10. dxc5 {[%clk 01:26:15]} Nxc5 {[%clk 01:28:21]} 11. Qf2
{[%clk 01:25:15]} b4 {[%clk 01:27:20]} 12. Bxc5 {[%clk 01:19:43]} {[%emt
00:04:53]} bxc3 {[%clk 01:27:36]} 13. Bxe7 {[%clk 01:18:20]} {[%emt 00:00:48]}
cxb2 {[%clk 01:26:30]} {[%emt 00:01:38]} 14. Rb1 {[%clk 01:15:44]} {[%emt
00:03:01]} Nxe7 {[%clk 01:25:24]} {[%emt 00:01:49]} 15. Rxb2 {[%clk 01:15:40]}
{[%emt 00:22:16]} O-O {[%clk 01:18:57]} 16. Bd3 {[%clk 01:14:43]} Bd7 {[%clk
01:17:53]} 17. h4 {[%clk 00:50:24]} {[%emt 00:21:27]} Qa5+ {[%clk 01:13:37]}
18. Kf1 {[%clk 00:49:14]} Rfb8 {[%clk 01:12:05]} 19. Rxb8+ {[%clk 00:39:25]}
{[%emt 00:29:25]} Rxb8 {[%clk 01:12:29]} 20. Ne1 {[%clk 00:39:23]} Qb6 {[%clk
01:10:25]} 21. Qxb6 {[%clk 00:37:27]} Rxb6 {[%clk 01:10:29]} 22. Rh3 {[%clk
00:36:52]} {[%emt 00:00:04]} Ng6 {[%clk 01:10:28]} 23. g3 {[%clk 00:36:40]} Bb5
{[%clk 01:08:08]} 24. h5 {[%clk 00:35:59]} Bxd3+ {[%clk 01:08:11]} 25. Nxd3
{[%clk 00:36:17]} {[%emt 00:00:04]} Ne7 {[%clk 01:08:15]} 26. g4 {[%clk
00:36:28]} Kf8 {[%clk 01:08:01]} 27. Ke2 {[%clk 00:34:13]} Ke8 {[%clk
01:08:14]} 28. Kd2 {[%clk 00:33:41]} Kd7 {[%clk 01:07:42]} {[%emt 00:00:16]}
29. Nc5+ {[%clk 00:32:04]} {[%emt 00:02:13]} Kc6 {[%clk 01:08:04]} {[%emt
00:00:04]} 30. Rc3 {[%clk 00:31:34]} {[%emt 00:00:57]} d4 {[%clk 01:06:36]}
{[%emt 00:40:40]} 31. Rc4 {[%clk 00:31:49]} Kd5 {[%clk 01:06:52]} 32. Na4
{[%clk 00:29:55]} Kxc4 {[%clk 01:06:04]} 33. Nxb6+ {[%clk 00:30:11]} Kb5 {[%clk
01:06:27]} {[%emt 00:00:04]} 34. Nd7 {[%clk 00:29:11]} Nd5 {[%clk 00:57:57]}
35. Kd3 {[%clk 00:25:56]} Nb4+ {[%clk 00:57:59]} 36. Kxd4 {[%clk 00:25:58]}
Nxc2+ {[%clk 00:58:20]} 37. Ke4 {[%clk 00:25:42]} {[%emt 00:00:04]} Nb4 {[%clk
00:58:08]} 38. f5 {[%clk 00:25:45]} Nxa2 {[%clk 00:58:06]} 39. fxe6 {[%clk
00:25:18]} fxe6 {[%clk 00:58:11]} 40. Nf8 {[%clk 00:25:27]} {[%emt 00:00:04]}
Nc3+ {[%clk 00:58:28]} 41. Kf4 {[%clk 00:25:32]} a5 {[%clk 00:58:34]} 42. Nxe6
{[%clk 00:25:40]} a4 {[%clk 00:58:57]} 43. Nd4+ {[%clk 00:25:58]} Kc4 {[%clk
00:59:13]} 44. Nc2 {[%clk 00:22:06]} {[%emt 00:21:50]} Kb3 {[%clk 00:58:26]}
45. Nd4+ {[%clk 00:22:20]} Kb2 {[%clk 00:56:51]} 46. Ke3 {[%clk 00:22:12]} a3
{[%clk 00:54:59]} 47. Kd2 {[%clk 00:22:07]} a2 {[%clk 00:53:23]} {[%emt
00:00:08]} 48. Nc2 {[%clk 00:22:12]} Ne4 {[%clk 00:51:54]} 49. Kd1 {[%clk
00:22:13]} Ng5 {[%clk 00:52:08]} 50. Kd2 {[%emt 00:00:04]} Nf3 {[%clk
00:51:36]} 0-1

[Event "DVM U12 2020"]
[Site "Magdeburg GER"]
[Date "2021.08.07"]
[Round "6"]
[White "Chua, Daniel James"]
[Black "Tibi, Anwar"]
[Result "1-0"]
[Termination "normal"]
[Board "3.4"]
[WhiteElo "1477"]
[BlackElo "1204"]
[WhiteClock "01:32:16"]
[BlackClock "01:19:35"]
[WhiteTeam "SC Garching 1980 e.V."]
[BlackTeam "Godesberger Schachklub 1929 e. V."]
[PlyCount "51"]
[WhiteFideId "34608354"]
[BlackFideId "34608133"]
[EventCountry "GER"]
[EventRounds "7"]
[EventType "team-swiss"]
[EventDate "2021.08.04"]

1. e4 {[%clk 01:30:58]} {[%emt 00:00:06]} e5 {[%clk 01:30:48]} {[%emt
00:00:21]} 2. d4 {[%clk 01:31:23]} exd4 {[%clk 01:31:07]} {[%emt 00:00:10]} 3.
c3 {[%clk 01:31:47]} dxc3 {[%clk 01:31:09]} {[%emt 00:00:45]} 4. Bc4 {[%clk
01:32:09]} Bc5 {[%clk 01:29:34]} {[%emt 00:16:41]} 5. Nxc3 {[%clk 01:32:30]}
Nc6 {[%clk 01:29:30]} 6. Bxf7+ {[%clk 01:32:45]} Kxf7 {[%clk 01:29:22]} 7. Qd5+
{[%clk 01:33:00]} {[%emt 00:00:14]} Ke8 {[%clk 01:29:09]} 8. Qxc5 {[%clk
01:33:11]} Qe7 {[%clk 01:29:21]} 9. Qe3 {[%clk 01:33:09]} d6 {[%clk 01:29:37]}
10. Nd5 {[%clk 01:33:16]} {[%emt 00:00:04]} Qf7 {[%clk 01:29:06]} 11. Nf3
{[%clk 01:33:26]} h6 {[%clk 01:28:50]} 12. O-O {[%clk 01:32:26]} Nge7 {[%clk
01:28:56]} 13. Nxc7+ {[%clk 01:32:46]} {[%emt 00:00:05]} Kd8 {[%clk 01:29:16]}
14. Nxa8 {[%clk 01:33:09]} Qg6 {[%clk 01:29:02]} 15. e5 {[%clk 01:33:16]} Bh3
{[%clk 01:28:26]} 16. Nh4 {[%clk 01:33:29]} {[%emt 00:00:12]} Qe6 {[%clk
01:25:44]} 17. Qxh3 {[%clk 01:33:44]} Qxe5 {[%clk 01:25:50]} 18. Be3 {[%clk
01:33:39]} {[%emt 00:05:44]} a6 {[%clk 01:25:49]} 19. Bb6+ {[%clk 01:33:53]}
Ke8 {[%clk 01:25:44]} 20. Rae1 {[%clk 01:33:59]} Qxb2 {[%clk 01:25:48]} {[%emt
00:00:05]} 21. Qc8+ {[%clk 01:33:34]} Kf7 {[%clk 01:25:13]} 22. Qxh8 {[%clk
01:33:42]} Qxa2 {[%clk 01:22:59]} {[%emt 00:10:29]} 23. Nc7 {[%clk 01:31:47]}
Qb3 {[%clk 01:21:08]} 24. Bd4 {[%clk 01:31:59]} Nxd4 {[%clk 01:19:31]} 25. Qe8+
{[%clk 01:32:16]} Kf6 {[%clk 01:19:35]} 26. Qxe7# 1-0

[Event "DVM U12 2020"]
[Site "Magdeburg GER"]
[Date "2021.08.07"]
[Round "6"]
[White "Semling, Johannes"]
[Black "Nönnig, Jakob"]
[Result "1-0"]
[Termination "normal"]
[Board "4.2"]
[WhiteElo "1664"]
[BlackElo "1442"]
[WhiteClock "01:06:26"]
[BlackClock "00:25:59"]
[WhiteTeam "SC Brandeck-Turm Ohlsbach e.V."]
[BlackTeam "Schachzwerge Magdeburg"]
[PlyCount "117"]
[WhiteFideId "16290151"]
[BlackFideId "16289447"]
[EventCountry "GER"]
[EventRounds "7"]
[EventType "team-swiss"]
[EventDate "2021.08.04"]

1. Nf3 {[%clk 01:30:58]} {[%emt 00:00:09]} Nc6 {[%clk 01:29:46]} {[%emt
00:01:47]} 2. d4 {[%clk 01:29:58]} {[%emt 00:01:11]} d5 {[%clk 01:28:52]}
{[%emt 00:01:38]} 3. e3 {[%clk 01:30:08]} Bf5 {[%clk 01:27:38]} {[%emt
00:01:33]} 4. a3 {[%clk 01:21:22]} {[%emt 00:09:16]} e6 {[%clk 01:23:49]}
{[%emt 00:05:01]} 5. Nbd2 {[%clk 01:21:07]} Nf6 {[%clk 01:21:40]} {[%emt
00:02:51]} 6. Bb5 {[%clk 01:21:11]} {[%emt 00:00:12]} Bd6 {[%clk 01:19:31]}
{[%emt 00:02:40]} 7. O-O {[%clk 01:16:33]} {[%emt 00:05:26]} O-O {[%clk
01:18:30]} {[%emt 00:04:42]} 8. c4 {[%clk 01:13:36]} Bd3 {[%clk 01:06:24]}
{[%emt 00:12:40]} 9. Re1 {[%clk 01:13:47]} {[%emt 00:02:31]} Ne7 {[%clk
01:01:06]} {[%emt 00:03:31]} 10. Qb3 {[%clk 01:12:16]} {[%emt 00:02:01]} dxc4
{[%clk 00:58:38]} {[%emt 00:03:03]} 11. Nxc4 {[%clk 01:10:47]} {[%emt
00:02:00]} Bg6 {[%clk 00:56:24]} {[%emt 00:02:51]} 12. Nxd6 {[%clk 01:10:22]}
{[%emt 00:00:48]} cxd6 {[%clk 00:55:54]} {[%emt 00:14:59]} 13. Bd3 {[%clk
01:01:43]} Bxd3 {[%clk 00:51:36]} 14. Qxd3 {[%clk 01:02:00]} {[%emt 00:00:04]}
d5 {[%clk 00:51:39]} {[%emt 00:00:37]} 15. Ne5 {[%clk 01:00:03]} {[%emt
00:02:12]} Qd6 {[%clk 00:39:51]} {[%emt 00:12:20]} 16. Bd2 {[%clk 00:58:50]}
{[%emt 00:05:04]} Nc6 {[%clk 00:37:02]} 17. Nxc6 {[%clk 00:57:09]} {[%emt
00:02:11]} Qxc6 {[%clk 00:36:36]} {[%emt 00:00:52]} 18. Rec1 {[%clk 00:52:50]}
{[%emt 00:08:34]} Qd7 {[%clk 00:33:24]} 19. Rc2 {[%clk 00:50:35]} {[%emt
00:02:51]} h6 {[%clk 00:30:14]} {[%emt 00:03:32]} 20. Rac1 {[%clk 00:49:35]}
{[%emt 00:02:18]} Rac8 {[%clk 00:29:59]} 21. f3 {[%clk 00:46:35]} {[%emt
00:03:25]} Rfd8 {[%clk 00:26:49]} {[%emt 00:06:52]} 22. Ba5 {[%clk 00:43:51]}
b6 {[%clk 00:18:58]} {[%emt 00:10:23]} 23. Be1 {[%clk 00:42:38]} Ne8 {[%clk
00:13:53]} {[%emt 00:07:43]} 24. Bh4 {[%clk 00:40:53]} f6 {[%clk 00:06:04]}
{[%emt 00:10:07]} 25. Bg3 {[%clk 00:40:55]} Kf7 {[%clk 00:05:05]} 26. Kf2
{[%clk 00:37:19]} {[%emt 00:04:10]} g6 {[%clk 00:02:21]} {[%emt 00:03:22]} 27.
h4 {[%clk 00:36:51]} {[%emt 00:03:12]} Kg7 {[%clk 00:01:39]} 28. Bh2 {[%clk
00:36:08]} {[%emt 00:00:16]} Kf7 {[%clk 00:02:00]} {[%emt 00:01:35]} 29. h5
{[%clk 00:36:22]} f5 {[%clk 00:02:03]} 30. hxg6+ {[%clk 00:35:52]} Kxg6 {[%clk
00:02:30]} {[%emt 00:02:06]} 31. g4 {[%clk 00:35:52]} Ng7 {[%clk 00:01:41]} 32.
Rc7 {[%clk 00:34:39]} {[%emt 00:02:13]} Rxc7 {[%clk 00:01:54]} 33. Rxc7 {[%clk
00:35:06]} Qa4 {[%clk 00:02:03]} 34. Be5 {[%clk 00:34:13]} {[%emt 00:01:46]}
Rd7 {[%clk 00:01:33]} {[%emt 00:00:36]} 35. b3 {[%clk 00:32:25]} {[%emt
00:03:10]} Rxc7 {[%clk 00:01:13]} 36. bxa4 {[%clk 00:32:44]} {[%emt 00:00:10]}
Rc1 {[%clk 00:01:37]} {[%emt 00:00:07]} 37. Bxg7 {[%clk 00:32:09]} {[%emt
00:01:08]} Kxg7 {[%clk 00:02:04]} {[%emt 00:00:19]} 38. gxf5 {[%clk 00:32:26]}
{[%emt 00:00:22]} exf5 {[%clk 00:02:30]} 39. Qxf5 {[%clk 00:32:45]} {[%emt
00:00:04]} Ra1 {[%clk 00:02:49]} 40. Qd7+ {[%clk 00:31:56]} {[%emt 00:01:10]}
Kf6 {[%clk 00:01:44]} {[%emt 00:03:23]} 41. Qxa7 {[%clk 00:32:09]} Ra2+ {[%clk
00:00:52]} 42. Kg3 {[%clk 00:32:29]} {[%emt 00:00:20]} Ra1 {[%clk 00:00:49]}
{[%emt 00:00:13]} 43. Kf4 {[%clk 00:32:43]} {[%emt 00:00:15]} Rh1 {[%clk
00:29:33]} {[%emt 00:01:45]} 44. Qxb6+ {[%clk 01:03:06]} {[%emt 00:00:23]} Ke7
{[%clk 00:29:39]} {[%emt 00:00:13]} 45. Qc5+ {[%clk 01:03:11]} {[%emt
00:00:23]} Ke6 {[%clk 00:28:55]} {[%emt 00:04:44]} 46. Qc6+ {[%clk 01:03:34]}
Ke7 {[%clk 00:29:08]} 47. Qxd5 {[%clk 01:04:01]} Rh2 {[%clk 00:28:45]} 48. e4
{[%clk 01:04:06]} Rh4+ {[%clk 00:29:05]} 49. Kg3 {[%clk 01:04:28]} Rh1 {[%clk
00:29:01]} 50. e5 {[%clk 01:04:49]} Re1 {[%clk 00:29:04]} 51. Qd6+ {[%clk
01:05:02]} {[%emt 00:11:07]} Kf7 {[%clk 00:26:39]} 52. Qxh6 {[%clk 01:05:17]}
Ke7 {[%clk 00:25:33]} 53. Qf6+ {[%clk 01:05:42]} Ke8 {[%clk 00:25:56]} 54. e6
{[%clk 01:05:57]} Rg1+ {[%clk 00:26:14]} 55. Kf4 {[%clk 01:06:04]} Rg4+ {[%clk
00:26:40]} 56. Kf5 {[%clk 01:05:41]} Rf4+ {[%clk 00:26:06]} 57. Kg6 {[%clk
01:05:58]} Rg4+ {[%clk 00:26:07]} 58. Kh5 {[%clk 01:06:10]} Rh4+ {[%clk
00:25:59]} 59. Qxh4 {[%clk 01:06:26]} 1-0